true or false ufc quiz - Statistics

General Stats
  • This quiz has been taken 248 times
  • The average score is 4 of 5
Answer Stats
Question Answer % Correct
who has the most ufc appearances JIM MILLER
96%
WHO WON THE FLYWEIGHT BELT FIRST EVER IN THE UFC DEMETRIOUS JOHNSON
91%
who did dustin Poirier have a no contest to EDDIE ALVAREZ
80%
WHO IS PFP NUMBER ONE JON JONES
61%
WHO IS THE CURRENT LIGHT HEAVYWEIGHT CHAMP NO ONE
38%
No matching quizzes found
Score Distribution
Percent of People with Each Score
Percentile by Number Answered
Your Score History
You have not taken this quiz